Diseño de jardines /
Guardado en:
| Autor Principal: | |
|---|---|
| Formato: | Libro |
| Publicado: |
Barcelona :
Blume,
1994
|
| Materias: | |
| Etiquetas: |
Agregar Etiqueta
Sin Etiquetas, Sea el primero en etiquetar este registro!
|
| LEADER | 00468nam a22001695a 4500 | ||
|---|---|---|---|
| 001 | CEM.cems016779 | ||
| 005 | 20100602151040.0 | ||
| 008 | 130507s1994##################000#0#####d | ||
| 003 | CEMS | ||
| 082 | 0 | 4 | |a 635.9 |
| 100 | 1 | |a Coombs, Geoffrey K | |
| 245 | 1 | 0 | |a Diseño de jardines / |c Geoffrey K Coombs, |
| 260 | |a Barcelona : |b Blume, |c 1994 | ||
| 300 | |a 64 p. | ||
| 653 | |a Jardín | ||
| 653 | |a Jardín-diseño | ||
| 859 | |a CEMS |b BIB. CEMS - Agricultura |h 635.9 |i C641 |p A0090.00 |t Ej.1 |v 1 |3 1 | ||
